Návrh modelu EVA ZERO

Ukazovateľ EVA v pôvodnom vyjadrení má podobu absolútneho ukazovateľa, čím sa sťažuje jeho objektivizácia v priestore, ale aj v čase. Zároveň pri jeho vyčíslení sa naráža na problém nákladov na vlastný kapitál, ktoré vnášajú do samotného výpočtu subjektívny prvok. Možno badať isté pokusy o relativiz...

Descrizione completa

Salvato in:
Dettagli Bibliografici
Autore principale: Smorada, Marián, 1984-
Altri autori: Šrenkel, Ľudovít
Natura: Capitolo di libro
Lingua:slovacco
Soggetti:
Tags: Aggiungi Tag
Nessun Tag, puoi essere il primo ad aggiungerne!!

MARC

LEADER 00000nla a2200000 4500
001 0193457
005 20240502083449.3
041 0 |a slo 
044 |a CZ 
245 1 0 |a Návrh modelu EVA ZERO  |c Marián Smorada, Ľudovít Šrenkel 
520 |a Ukazovateľ EVA v pôvodnom vyjadrení má podobu absolútneho ukazovateľa, čím sa sťažuje jeho objektivizácia v priestore, ale aj v čase. Zároveň pri jeho vyčíslení sa naráža na problém nákladov na vlastný kapitál, ktoré vnášajú do samotného výpočtu subjektívny prvok. Možno badať isté pokusy o relativizáciu tohto ukazovateľa, čím sa ale rieši iba problém objektivizácie. Nerieši sa problém subjektivity. Nový pohľad na túto problematiku môže poskytnúť prístup vyčíslovania nákladov na vlastný kapitál pri nulovej EVA, ktorý rieši obidva problémy súčasne. Tento prístup dostal označenie EVA ZERO. 
610 2 0 |a hodnota pridaná ekonomická 
610 2 0 |a ukazovateľ EVA 
610 2 0 |a ukazovatele pomerové 
610 2 0 |a ukazovatele finančné 
100 1 |a Smorada, Marián, 1984- 
700 1 |a Šrenkel, Ľudovít